000 00690cam a22002291 4500
001 sa 66000543
003 DLC
005 20260227112215.0
008 960912s1959 pk 000 0 pusr
010 _asa 66000543
025 _aPL480:P-Pushto-109
035 _a(OCoLC)35527999
040 _aDLC
_cCLU
_dCLU
_dDLC
042 _apremarc
050 0 0 _aPK6820.S24
_bZ2
100 0 _aSanāʻ al-Dīn Kākākhel.
245 0 0 _aŻalandah storī,
_cauthor and translator Sanʻ̄ūldīn Kākākhel.
260 _aPishāwar,
_bPablạk Ārṭ Pres
_c[1959]
300 _a160 p.
_c18 cm.
500 _aBinder's title: Żalandah stūray [by] Sanāuddīn Kākākhel.
500 _aShort stories.
999 _c67310
_d67310